Guatemala: ¿Militares cederán el poder? /

Salvato in:
Dettagli Bibliografici
Autore principale: Gleijeses, Piero
Natura: testo
Soggetti:
Tags: Aggiungi Tag
Nessun Tag, puoi essere il primo ad aggiungerne!!

MARC

LEADER 00000 a a2200000 04500
001 12129
003
040
100 |a Gleijeses, Piero  
245 |a Guatemala:   |b ¿Militares cederán el poder? /  |c Piero Gleijeses 
650 |a ELECCIONES  
650 |a FUERZAS ARMADAS  
650 |a PODER POLITICO  
650 |a MILITARISMO  
773 |g número 25; páginas 44-46  
999 |c 37856  |d 37856